000 00364nam a2200145Ia 4500
008 150201s2008 xx 000 0 und d
082 _a617.6
_bE2008R
100 _aRICHARDS DEREK
245 _aEVIDENCE-BASED DENTISTRY
250 _a1ST
260 _bQUINTESSENCE PUBLICATION
_aCHICAGO
_c2008
300 _a1-144
650 _aGENERAL DENTISTRY
942 _2ddc
_cBK
999 _c4603
_d4603